| 000 | 01108nam0a22002771 4500 | ||
|---|---|---|---|
| 001 | rc\807125 | ||
| 005 | 20250622000640.0 | ||
| 035 | _a(NLR Aleph) 005990980 | ||
| 090 |
_a7127486 _c7127486 |
||
| 100 | _a20041129d1983 |||y0rusy50 ca | ||
| 101 | 0 | _arus | |
| 102 | _aRU | ||
| 105 | _ay ||||||||| | ||
| 200 | 1 |
_aВозвращение талисмана _eПовести _e[Пер. с чуваш.] _fГригорий Луч |
|
| 210 |
_aЧебоксары _cЧуваш. кн. изд-во _d1983 |
||
| 215 |
_a135 с. _d22 |
||
| 300 | _aВ вып. дан. авт.: Григорий Васильевич Васильев (Луч) | ||
| 327 | 1 | _aСодерж.: Возвращение талисмана; Пастушеская свирель | |
| 464 | 0 |
_12001#$aВозвращение талисмана _tВозвращение талисмана |
|
| 464 | 0 |
_12001#$aПастушеская свирель _tПастушеская свирель |
|
| 700 | 1 |
_aЛуч _bГ. _gГригорий |
|
| 801 | 0 |
_aRU _bNLR _gpsbo |
|
| 801 | 1 |
_aRU _bELAR _2rusmarc |
|
| 852 |
_aNLR _j83-3/12354 |
||
| 942 | _cBOOK | ||
| 980 | _aNB | ||